000 00500nam a2200181Ia 4500
008 100920s9999 xx 000 0 und d
082 _b56838
_a20 थ 91
100 _a---
245 _aLIMCA BOOK OF RECORDS 1991.
260 _bBISLERI BEVERAGES LTD., BOMBAY.
_c1991
300 _a237
_bसाधी
365 _b0
520 _aरेफरन्स.
630 _aLIMCA BOOK OF RECORDS 1991.
650 _aरेफरन्स.
730 _aLIMCA BOOK OF RECORDS 1991.
942 _cBOOK
999 _c700858
_d700855